El lepe [juego] : concurso de preguntas y respuestas /
Guardado en:
| Formato: | Objeto Físico |
|---|---|
| Publicado: |
Argentina :
Antex andina,
[199?]
|
| Materias: | |
| Etiquetas: |
Agregar Etiqueta
Sin Etiquetas, Sea el primero en etiquetar este registro!
|
| LEADER | 00783nrm a22001695g 4500 | ||
|---|---|---|---|
| 001 | CEM.cems019192 | ||
| 008 | 130507b199?##################0###0#####d | ||
| 005 | 20220829204430.0 | ||
| 003 | CEMS | ||
| 245 | 0 | 0 | |a El lepe [juego] : |b concurso de preguntas y respuestas / |c Antex |
| 260 | |a Argentina : |b Antex andina, |c [199?] | ||
| 300 | |a 1 juego (1 tablero, 1 dado, 1 reloj, 72 tarjetas-preguntas, 6 fichas de distinto color y estrellas) ; en caja 42 x 30 x 6 cm. + manual de instrucciones. | ||
| 490 | J | u | |g os educa / Antex |
| 500 | |a Para 2 ó más jugadores a partir de 8 años y adultos objetivo: dar tantas respuestas correctas como se pueda en el tiempo del reloj. | ||
| 082 | 0 | 4 | |a J793.73 |
| 653 | |a 1. juegos de preguntas y respuestas | ||
| 859 | |a CEMS |b BIB. CEMS - Ludoteca |h J793.73 |i An87 |p 091.96 |t Ej.1 | ||
